[Event "GER-chT U20"]
[Site "Muenster"]
[Date "2022.12.28"]
[Round "3"]
[White "Maetzkow, Maximilian Paul"]
[Black "Schubert, Nikita"]
[Result "1-0"]
[WhiteElo "2281"]
[BlackElo "1939"]
[PlyCount "79"]
[EventDate "2022.12.26"]
[EventType "team-swiss"]
[EventRounds "7"]
[EventCountry "GER"]
[SourceTitle "CBM 212 Extra"]
[Source "ChessBase"]
[SourceDate "2023.03.31"]
[SourceVersion "1"]
[SourceVersionDate "2023.03.31"]
[SourceQuality "1"]
[WhiteTeam "Kreuzberg"]
[BlackTeam "Gera"]
[WhiteTeamCountry "GER"]
[BlackTeamCountry "GER"]

1. d4 Nf6 2. Bf4 d5 3. e3 c5 4. Nc3 e6 5. Nb5 Na6 6. Be2 cxd4 7. exd4 Be7 8. Nf3 0-0 9. 0-0 Bd7 10. c3 Ne8 11. Ne5 Nac7 12. Nxc7 Nxc7 13. Bd3 Bf6 14. Re1 g6 15. Qf3 Ne8 16. Bh6 Bg7 17. Bxg7 Kxg7 18. c4 Bc6 19. c5 a5 20. b3 Nf6 21. a3 Nd7 22. Qe2 Nxe5 23. Qxe5+ Qf6 24. Qe3 Rfe8 25. f4 h6 26. b4 g5 27. fxg5 hxg5 28. Rf1 Qe7 29. b5 Bd7 30. Ra2 e5 31. Raf2 e4 32. Rxf7+ Qxf7 33. Rxf7+ Kxf7 34. Be2 Kf6 35. Qf2+ Kg6 36. Qg3 Rac8 37. h4 g4 38. Qd6+ Be6 39. Bxg4 Kf6 40. Qe5+ 1-0

[Event "GER-chT U20"]
[Site "Muenster"]
[Date "2022.12.27"]
[Round "2"]
[White "Garbuz, Vitaliy"]
[Black "Maetzkow, Maximilian Paul"]
[Result "1/2-1/2"]
[WhiteElo "2147"]
[BlackElo "2281"]
[PlyCount "67"]
[EventDate "2022.12.26"]
[EventType "team-swiss"]
[EventRounds "7"]
[EventCountry "GER"]
[SourceTitle "CBM 212 Extra"]
[Source "ChessBase"]
[SourceDate "2023.03.31"]
[SourceVersion "1"]
[SourceVersionDate "2023.03.31"]
[SourceQuality "1"]
[WhiteTeam "Brackel"]
[BlackTeam "Kreuzberg"]
[WhiteTeamCountry "GER"]
[BlackTeamCountry "GER"]

1. e4 e6 2. d4 d5 3. Nd2 dxe4 4. Nxe4 Nd7 5. Nf3 Ngf6 6. Nxf6+ Nxf6 7. Be3 Bd6 8. Be2 Nd5 9. Bd2 c5 10. 0-0 0-0 11. c4 Nf6 12. h3 b6 13. Be3 Qc7 14. dxc5 Bxc5 15. Bxc5 Qxc5 16. Qd4 Qxd4 17. Nxd4 Bb7 18. Rfd1 Rfd8 19. Rac1 Kf8 20. Bf3 Bxf3 21. Nxf3 Ke7 22. Ne5 Rdc8 23. b4 a5 24. a3 axb4 25. axb4 g5 26. Ra1 Rxa1 27. Rxa1 Rc7 28. Ra6 Kd6 29. Nf3 Rxc4 30. Rxb6+ Kc7 31. Ra6 Kb7 32. Rd6 Kc7 33. Ra6 Kb7 34. Rd6 1/2-1/2

[Event "Berlin Werner Ott op"]
[Site "Berlin"]
[Date "2022.07.10"]
[Round "2"]
[White "Maetzkow, Maximilian Paul"]
[Black "Witte, Ronald"]
[Result "1-0"]
[WhiteElo "2291"]
[BlackElo "1980"]
[PlyCount "59"]
[EventDate "2022.07.09"]
[EventType "swiss"]
[EventRounds "9"]
[EventCountry "GER"]
[SourceTitle "CBM 209 Extra"]
[Source "ChessBase"]
[SourceDate "2022.09.30"]
[SourceVersion "1"]
[SourceVersionDate "2022.09.30"]
[SourceQuality "1"]

1. e4 c5 2. Nf3 d6 3. Bb5+ Nd7 4. Ba4 a6 5. c4 Ngf6 6. Nc3 e6 7. 0-0 Be7 8. d4 cxd4 9. Qxd4 0-0 10. Rd1 Qc7 11. Bxd7 Bxd7 12. Bf4 Bc6 13. Bxd6 Bxd6 14. Qxd6 Qxd6 15. Rxd6 Bxe4 16. Nxe4 Nxe4 17. Rd4 Nf6 18. Rad1 Rac8 19. a4 a5 20. Ne5 Rc5 21. f4 h5 22. b3 Rcc8 23. Kf2 Ng4+ 24. Nxg4 hxg4 25. Rd7 b6 26. R1d6 Rb8 27. Kg3 f5 28. Rxe6 Rf7 29. Rdd6 Rfb7 30. Kh4 1-0

[Event "Oberliga Nord O 2122"]
[Site "Germany"]
[Date "2022.04.03"]
[Round "8.2"]
[White "Maetzkow, Maximilian Paul"]
[Black "Tschernatsch, Johannes"]
[Result "1/2-1/2"]
[WhiteElo "2290"]
[BlackElo "2352"]
[PlyCount "41"]
[EventDate "2021.10.31"]
[EventType "team-tourn"]
[EventRounds "9"]
[EventCountry "GER"]
[SourceTitle "EXT 2023"]
[Source "ChessBase"]
[SourceDate "2022.10.05"]
[SourceVersion "1"]
[SourceVersionDate "2022.10.05"]
[SourceQuality "1"]
[WhiteTeam "Kreuzberg"]
[BlackTeam "Potsdam Empor"]
[WhiteTeamCountry "GER"]
[BlackTeamCountry "GER"]

1. d4 Nf6 2. Nf3 g6 3. g3 Bg7 4. Bg2 0-0 5. 0-0 d5 6. c4 c6 7. cxd5 cxd5 8. Ne5 Ne4 9. Nd2 Nxd2 10. Bxd2 Nd7 11. Nxd7 Qxd7 12. Bf4 Qb5 13. Qd2 Bf5 14. a4 Qd7 15. Rfc1 Rfc8 16. Qb4 e6 17. h3 h5 18. e3 Rxc1+ 19. Rxc1 Rc8 20. Rxc8+ Qxc8 21. Qe7 1/2-1/2

[Event "Oberliga Nord O 2122"]
[Site "Germany"]
[Date "2021.12.12"]
[Round "3.3"]
[White "Maetzkow, Maximilian Paul"]
[Black "Skibbe, Willi"]
[Result "1-0"]
[WhiteElo "2285"]
[BlackElo "2182"]
[PlyCount "103"]
[EventDate "2021.10.31"]
[EventType "team-tourn"]
[EventRounds "9"]
[EventCountry "GER"]
[SourceTitle "EXT 2023"]
[Source "ChessBase"]
[SourceDate "2022.10.05"]
[SourceVersion "1"]
[SourceVersionDate "2022.10.05"]
[SourceQuality "1"]
[WhiteTeam "Kreuzberg"]
[BlackTeam "Greifswald"]
[WhiteTeamCountry "GER"]
[BlackTeamCountry "GER"]

1. e4 Nf6 2. Nc3 e5 3. Nf3 d6 4. d4 Nbd7 5. g3 Be7 6. Bg2 0-0 7. 0-0 c6 8. h3 Qc7 9. Re1 Re8 10. b3 Nf8 11. Bb2 Ng6 12. dxe5 dxe5 13. Qe2 h6 14. Nb1 Be6 15. Nbd2 b5 16. c4 b4 17. Nf1 Bc5 18. Qc2 Nd7 19. Ne3 Bxe3 20. Rxe3 Nc5 21. Ne1 Red8 22. Nd3 Nxd3 23. Rxd3 Rxd3 24. Qxd3 Rd8 25. Qe3 Qd7 26. Bf3 Bxh3 27. a3 bxa3 28. Bxa3 Qd4 29. Rd1 Qb6 30. Rxd8+ Qxd8 31. Qxa7 Qd3 32. Qe3 Qf1+ 33. Kh2 Be6 34. Be2 Qa1 35. Bd6 Nf8 36. b4 Nd7 37. b5 cxb5 38. cxb5 Qb2 39. Bc7 Nf6 40. Kg2 Bd7 41. Qd3 Bc8 42. Qd8+ Kh7 43. Qxc8 Qxe2 44. Qf5+ Kg8 45. b6 Qa6 46. Qxe5 Qb7 47. f3 Qc6 48. Qb2 Nd7 49. Qb3 g5 50. g4 Qc1 51. Bg3 Nc5 52. b7 1-0

[Event "Oberliga Nord O 1920"]
[Site "Germany"]
[Date "2021.08.15"]
[Round "9.3"]
[White "Maetzkow, Maximilian Paul"]
[Black "Fromm, Marius"]
[Result "1-0"]
[WhiteElo "2248"]
[BlackElo "2326"]
[PlyCount "125"]
[EventDate "2019.09.29"]
[EventType "team-tourn"]
[EventRounds "9"]
[EventCountry "GER"]
[SourceTitle "EXT 2023"]
[Source "ChessBase"]
[SourceDate "2022.10.05"]
[SourceVersion "1"]
[SourceVersionDate "2022.10.05"]
[SourceQuality "1"]
[WhiteTeam "Kreuzberg"]
[BlackTeam "Greifswald"]
[WhiteTeamCountry "GER"]
[BlackTeamCountry "GER"]

1. e4 c5 2. Nf3 d6 3. d4 cxd4 4. Nxd4 Nf6 5. Nc3 a6 6. Be3 e5 7. Nf3 Be7 8. Bc4 0-0 9. 0-0 Be6 10. Bb3 Nc6 11. Bg5 Nd7 12. Bxe7 Qxe7 13. Nd5 Qd8 14. c3 Na5 15. Bc2 Rc8 16. Ne3 Nc4 17. Nxc4 Bxc4 18. Re1 Nf6 19. Bb3 b5 20. Bxc4 Rxc4 21. Qd3 Qb6 22. Rad1 Rc6 23. Rd2 a5 24. Red1 Rfc8 25. Nh4 g6 26. Qf3 Qd8 27. g3 b4 28. c4 Kg7 29. b3 Qb6 30. Ng2 a4 31. Ne3 axb3 32. axb3 Ra8 33. Nd5 Nxd5 34. Rxd5 Ra5 35. Qd3 Rxd5 36. Qxd5 Qc5 37. Ra1 Qxd5 38. exd5 Rb6 39. Ra7 h5 40. h4 Kf6 41. Rc7 e4 42. Kf1 Ke5 43. Ke2 Ra6 44. Rb7 Kd4 45. Rxb4 Ra2+ 46. Kf1 Ra1+ 47. Kg2 Ra2 48. Rb7 f5 49. Re7 Kc3 50. Re6 Kxb3 51. Kf1 Ra6 52. Rxg6 Kxc4 53. Rg5 Kxd5 54. Rxf5+ Ke6 55. Rxh5 Ra1+ 56. Kg2 d5 57. Rh8 d4 58. Rd8 d3 59. h5 Ra5 60. g4 Rd5 61. Rxd5 Kxd5 62. Kf1 Kc4 63. Ke1 1-0

[Event "GER-chT U20"]
[Site "Willingen"]
[Date "2021.06.25"]
[Round "3"]
[White "Kueppers, Timo"]
[Black "Maetzkow, Maximilian Paul"]
[Result "1/2-1/2"]
[WhiteElo "2287"]
[BlackElo "2231"]
[PlyCount "63"]
[EventDate "2021.06.24"]
[EventType "team-swiss"]
[EventRounds "7"]
[EventCountry "GER"]
[SourceTitle "CBM 203 Extra"]
[Source "ChessBase"]
[SourceDate "2021.09.30"]
[SourceVersion "1"]
[SourceVersionDate "2021.09.30"]
[SourceQuality "1"]
[WhiteTeam "Essen Katernberg"]
[BlackTeam "Kreuzberg"]
[WhiteTeamCountry "GER"]
[BlackTeamCountry "GER"]

1. c4 c5 2. Nf3 Nf6 3. Nc3 Nc6 4. d4 cxd4 5. Nxd4 g6 6. e4 d6 7. Be2 Bg7 8. Be3 0-0 9. 0-0 Nxd4 10. Bxd4 Bd7 11. Qd3 Bc6 12. b4 b6 13. Rad1 Nd7 14. f4 a5 15. Bxg7 Kxg7 16. b5 Bb7 17. e5 Nc5 18. Qd4 dxe5 19. Qxe5+ f6 20. Rxd8 fxe5 21. Rxa8 Rxa8 22. fxe5 Rd8 23. Rd1 Rf8 24. Rf1 Rd8 25. Kf2 Rd2 26. Rc1 Kf7 27. Ke3 Rb2 28. g3 Ke6 29. Kd4 Rd2+ 30. Ke3 Rb2 31. Kd4 Rd2+ 32. Ke3 1/2-1/2

[Event "GER-chT U20"]
[Site "Willingen"]
[Date "2021.06.25"]
[Round "4"]
[White "Ortmeier, Leonhard"]
[Black "Maetzkow, Maximilian Paul"]
[Result "1/2-1/2"]
[WhiteElo "2290"]
[BlackElo "2231"]
[PlyCount "101"]
[EventDate "2021.06.24"]
[EventType "team-swiss"]
[EventRounds "7"]
[EventCountry "GER"]
[SourceTitle "CBM 203 Extra"]
[Source "ChessBase"]
[SourceDate "2021.09.30"]
[SourceVersion "1"]
[SourceVersionDate "2021.09.30"]
[SourceQuality "1"]
[WhiteTeam "Muenster"]
[BlackTeam "Kreuzberg"]
[WhiteTeamCountry "GER"]
[BlackTeamCountry "GER"]

1. Nf3 Nf6 2. g3 e6 3. Bg2 Be7 4. c4 0-0 5. 0-0 d5 6. b3 c5 7. Bb2 b6 8. e3 Bb7 9. Ne5 Nfd7 10. Nxd7 Qxd7 11. Qg4 g6 12. cxd5 Bxd5 13. Bxd5 Qxd5 14. d4 cxd4 15. Bxd4 Nc6 16. Bc3 Ne5 17. Bxe5 Qxe5 18. Nd2 Rfd8 19. Nc4 Qf5 20. Qxf5 gxf5 21. Rfd1 Rac8 22. a4 Kg7 23. Kf1 Kf6 24. Ke2 Bc5 25. Rxd8 Rxd8 26. Nb2 Ke7 27. Nd3 Bd6 28. Rc1 Kd7 29. Nb2 Ke7 30. Rc2 Rb8 31. Nc4 Rc8 32. Rd2 Bc5 33. Rc2 Bd6 34. Kd3 Rc7 35. Nxd6 Kxd6 36. Rxc7 Kxc7 37. Kc4 Kc6 38. b4 a6 39. f3 f6 40. h3 b5+ 41. axb5+ axb5+ 42. Kd4 e5+ 43. Kd3 Kd5 44. e4+ fxe4+ 45. fxe4+ Ke6 46. g4 Kf7 47. Ke3 Kg7 48. Kf3 Kg6 49. h4 h6 50. Kg3 Kf7 51. Kf3 1/2-1/2

[Event "GER-ch U18"]
[Site "Willingen"]
[Date "2020.10.23"]
[Round "6"]
[White "Stelmaszyk, Nico"]
[Black "Maetzkow, Maximilian Paul"]
[Result "1-0"]
[WhiteElo "2301"]
[BlackElo "2242"]
[PlyCount "119"]
[EventDate "2020.10.19"]
[EventType "swiss"]
[EventRounds "7"]
[EventCountry "GER"]
[SourceTitle "EXT 2022"]
[Source "ChessBase"]
[SourceDate "2021.10.06"]
[SourceVersion "1"]
[SourceVersionDate "2021.10.06"]
[SourceQuality "1"]

1. e4 e6 2. d4 d5 3. Nc3 Nf6 4. Bg5 Bb4 5. Nge2 dxe4 6. a3 Be7 7. Bxf6 Bxf6 8. Nxe4 b6 9. g3 0-0 10. Bg2 c6 11. 0-0 Bb7 12. Qd3 Nd7 13. c4 Qc7 14. b4 Rad8 15. Rfd1 c5 16. bxc5 bxc5 17. Rab1 Ba6 18. dxc5 Nxc5 19. Nxf6+ gxf6 20. Qf3 Rxd1+ 21. Rxd1 Rd8 22. Nf4 Rxd1+ 23. Qxd1 Nd7 24. Nh5 Qxc4 25. h4 Qe2 26. Qxd7 Qxh5 27. Qxa7 Qe2 28. Kh2 Qc4 29. Qb6 Bb5 30. Qe3 Kg7 31. Bf3 Ba4 32. Qe4 Qxe4 33. Bxe4 f5 34. Bd3 h6 35. Kg2 Kf6 36. Kf3 e5 37. Ke3 Ke6 38. Bc4+ Kf6 39. f4 e4 40. Kd4 Kg6 41. Be2 Kf6 42. Kc4 Ke6 43. Kb4 Bc6 44. Bc4+ Bd5 45. Bb5 Bb7 46. Kc5 Ke7 47. a4 Kd8 48. Kd6 Bc8 49. a5 Be6 50. Ba6 Bc8 51. Be2 Be6 52. h5 Kc8 53. Ke5 Kb7 54. Kf6 Ka7 55. Kg7 Bc8 56. Kxh6 Ba6 57. Bd1 e3 58. Kg7 Bb5 59. h6 Ba4 60. Be2 1-0

[Event "GER-ch U18"]
[Site "Willingen"]
[Date "2020.10.21"]
[Round "2"]
[White "Faerber, David"]
[Black "Maetzkow, Maximilian Paul"]
[Result "1/2-1/2"]
[WhiteElo "2321"]
[BlackElo "2242"]
[PlyCount "57"]
[EventDate "2020.10.19"]
[EventType "swiss"]
[EventRounds "7"]
[EventCountry "GER"]
[SourceTitle "EXT 2022"]
[Source "ChessBase"]
[SourceDate "2021.10.06"]
[SourceVersion "1"]
[SourceVersionDate "2021.10.06"]
[SourceQuality "1"]

1. e4 c5 2. Nf3 d6 3. d4 cxd4 4. Nxd4 Nf6 5. Nc3 g6 6. Be3 Bg7 7. f3 a6 8. Qd2 h5 9. Be2 b5 10. a4 b4 11. Na2 a5 12. Bb5+ Bd7 13. c3 bxc3 14. Nxc3 0-0 15. 0-0 Na6 16. Nc6 Bxc6 17. Bxc6 Rb8 18. Rfd1 Nb4 19. Bb5 Qc7 20. Rdc1 Qb7 21. Na2 Nxa2 22. Rxa2 Rfc8 23. Rxc8+ Rxc8 24. b4 axb4 25. Qxb4 Nd7 26. Qd2 Nc5 27. Bf1 Ra8 28. Bb5 Rc8 29. Bf1 1/2-1/2

[Event "Oberliga Nord O 1920"]
[Site "Germany"]
[Date "2020.01.18"]
[Round "6.3"]
[White "Foerster, Jonas"]
[Black "Maetzkow, Maximilian Paul"]
[Result "1-0"]
[WhiteElo "2261"]
[BlackElo "2287"]
[PlyCount "41"]
[EventDate "2019.09.29"]
[EventType "team-tourn"]
[EventRounds "9"]
[EventCountry "GER"]
[SourceTitle "CBM 195 Extra"]
[Source "ChessBase"]
[SourceDate "2020.05.31"]
[SourceVersion "1"]
[SourceVersionDate "2020.05.31"]
[SourceQuality "1"]

1. d4 Nf6 2. Nf3 e6 3. c4 b6 4. a3 Bb7 5. Nc3 d5 6. cxd5 Nxd5 7. e3 g6 8. h4 Bg7 9. Bb5+ c6 10. Be2 Nd7 11. Nxd5 exd5 12. h5 Qe7 13. Bd2 a5 14. Rc1 0-0 15. Rh3 Nf6 16. Qb3 b5 17. Ne5 Qd6 18. f4 Ne4 19. Bf3 Nxd2 20. Kxd2 f6 21. Nxc6 1-0

[Event "Oberliga Nord O 1920"]
[Site "Germany"]
[Date "2019.10.20"]
[Round "2.3"]
[White "Seils, Joerg"]
[Black "Maetzkow, Maximilian Paul"]
[Result "1-0"]
[WhiteElo "2321"]
[BlackElo "2287"]
[PlyCount "63"]
[EventDate "2019.09.29"]
[EventType "team-tourn"]
[EventRounds "9"]
[EventCountry "GER"]
[SourceTitle "CBM 195 Extra"]
[Source "ChessBase"]
[SourceDate "2020.05.31"]
[SourceVersion "1"]
[SourceVersionDate "2020.05.31"]
[SourceQuality "1"]

1. e4 c5 2. Nf3 d6 3. Bb5+ Nd7 4. 0-0 a6 5. Bxd7+ Bxd7 6. Re1 Nf6 7. c3 e6 8. d4 Be7 9. Bg5 0-0 10. Nbd2 Bc6 11. Qe2 Rc8 12. dxc5 dxc5 13. Ne5 Nd7 14. Bxe7 Qxe7 15. Nxc6 Rxc6 16. e5 Rd8 17. Rad1 b5 18. c4 Rb6 19. b3 f5 20. exf6 Nxf6 21. Nf3 b4 22. Rxd8+ Qxd8 23. Ng5 Nd7 24. Nxe6 Qf6 25. g3 Rd6 26. Qe3 Qc3 27. Qe4 h6 28. Kg2 Qd3 29. Qa8+ Kh7 30. Nf4 Nb6 31. Qf8 Rd8 32. Qxc5 1-0

[Event "GER-chT Lands U20"]
[Site "Wuerzburg"]
[Date "2019.10.02"]
[Round "1.6"]
[White "Maetzkow, Maximilian Paul"]
[Black "Nguyen, Alex Dac Vuong"]
[Result "0-1"]
[WhiteElo "2287"]
[BlackElo "2128"]
[PlyCount "68"]
[EventDate "2019.10.01"]
[EventType "team-swiss"]
[EventRounds "7"]
[EventCountry "GER"]
[SourceTitle "EXT 2020"]
[Source "ChessBase"]
[SourceDate "2019.10.17"]
[SourceVersion "1"]
[SourceVersionDate "2019.10.17"]
[SourceQuality "1"]
[WhiteTeam "Brandenburg/Berlin"]
[BlackTeam "Sachsen"]
[WhiteTeamCountry "GER"]
[BlackTeamCountry "GER"]

1. d4 Nf6 2. Nf3 c5 3. d5 e6 4. c4 b5 5. e3 Bb7 6. dxe6 fxe6 7. cxb5 d5 8. Be2 Bd6 9. b3 Nbd7 10. Bb2 0-0 11. Nbd2 Qe7 12. 0-0 Rad8 13. Qc2 e5 14. e4 Nxe4 15. Nxe4 dxe4 16. Nd2 Nf6 17. Nc4 Bc7 18. Ne3 Kh8 19. Rac1 Bb6 20. Bc4 Nh5 21. Rcd1 Nf4 22. Rxd8 Rxd8 23. Rd1 Rd4 24. Bxd4 exd4 25. Nf5 Qg5 26. Ng3 h5 27. h4 Qxh4 28. Bf1 Qg4 29. Re1 h4 30. Nxe4 Nh3+ 31. Kh1 Bxe4 32. Qe2 Qxe2 33. Rxe2 d3 34. Rd2 Ba5 0-1

[Event "Oberliga Nord O 1920"]
[Site "Germany"]
[Date "2019.09.29"]
[Round "1.2"]
[White "Maetzkow, Maximilian Paul"]
[Black "Jansen, Andreas"]
[Result "1-0"]
[WhiteElo "2287"]
[BlackElo "2095"]
[PlyCount "55"]
[EventDate "2019.09.29"]
[EventType "team-tourn"]
[EventRounds "9"]
[EventCountry "GER"]
[SourceTitle "CBM 195 Extra"]
[Source "ChessBase"]
[SourceDate "2020.05.31"]
[SourceVersion "1"]
[SourceVersionDate "2020.05.31"]
[SourceQuality "1"]

1. e4 g6 2. d4 d6 3. Nc3 Bg7 4. Be3 c6 5. h3 Qc7 6. f4 e6 7. Nf3 Ne7 8. Qd2 Nd7 9. g4 d5 10. e5 b5 11. Bxb5 cxb5 12. Nxb5 Qb6 13. Nd6+ Kf8 14. Ng5 Ba6 15. Ngxf7 Rg8 16. Ng5 Nc8 17. Nxe6+ Ke7 18. Nxc8+ Raxc8 19. f5 Qxb2 20. Rc1 gxf5 21. gxf5 Nxe5 22. dxe5 Bxe5 23. Kd1 Qxa2 24. Re1 Bc3 25. Bc5+ Kd7 26. Qxc3 Qa4 27. Qe5 Qc6 28. Nf8+ 1-0

[Event "Pardubice Czech op-A 30th"]
[Site "Pardubice"]
[Date "2019.07.27"]
[Round "9"]
[White "Maetzkow, Maximilian Paul"]
[Black "Barski, Radoslaw"]
[Result "1-0"]
[WhiteElo "2274"]
[BlackElo "2468"]
[PlyCount "73"]
[EventDate "2019.07.19"]
[EventType "swiss"]
[EventRounds "9"]
[EventCountry "CZE"]
[SourceTitle "CBM 191"]
[Source "ChessBase"]
[SourceDate "2019.08.31"]
[SourceVersion "1"]
[SourceVersionDate "2019.08.31"]
[SourceQuality "1"]

1. e4 c5 2. Nf3 d6 3. Bb5+ Nd7 4. Ba4 Ngf6 5. 0-0 a6 6. c4 e5 7. Nc3 g6 8. d3 Bg7 9. a3 0-0 10. b4 b5 11. Bb3 Rb8 12. cxb5 axb5 13. Be3 h6 14. h3 Qe7 15. Qd2 Kh7 16. Rfc1 Ba6 17. Rc2 Rfc8 18. Rac1 Nb6 19. Nd5 Nbxd5 20. Bxd5 Nxd5 21. exd5 Qb7 22. bxc5 Qxd5 23. d4 e4 24. Ne1 g5 25. cxd6 Rc4 26. Rxc4 bxc4 27. Nc2 Qxd6 28. Nb4 f5 29. d5 c3 30. Qd1 Rxb4 31. axb4 Qxb4 32. d6 Bd3 33. d7 c2 34. Qh5 Qd6 35. Qe8 Bf6 36. Qf7+ Kh8 37. Bc5 1-0

[Event "GER-ch 37th"]
[Site "Magdeburg"]
[Date "2019.05.28"]
[Round "4"]
[White "Schulz, Karsten"]
[Black "Maetzkow, Maximilian Paul"]
[Result "1/2-1/2"]
[WhiteElo "2227"]
[BlackElo "2338"]
[PlyCount "75"]
[EventDate "2019.05.26"]
[EventType "swiss"]
[EventRounds "9"]
[EventCountry "GER"]
[SourceTitle "CBM 190 Extra"]
[Source "ChessBase"]
[SourceDate "2019.07.15"]
[SourceVersion "1"]
[SourceVersionDate "2019.07.15"]
[SourceQuality "1"]

1. Nf3 Nf6 2. g3 b6 3. Bg2 Bb7 4. c4 e6 5. b3 Be7 6. Bb2 0-0 7. 0-0 c5 8. Nc3 d6 9. d3 Nbd7 10. e4 a6 11. Ng5 Qc7 12. f4 Bc6 13. g4 b5 14. Nh3 b4 15. Nb1 d5 16. g5 Ne8 17. Qh5 dxe4 18. dxe4 f5 19. Nd2 g6 20. Qe2 Rf7 21. Rad1 Rd8 22. Rfe1 Nd6 23. exf5 exf5 24. Nf3 Ne4 25. Ne5 Nxe5 26. Bxe5 Bd6 27. Bxe4 Bxe4 28. Rxd6 Rxd6 29. Bxd6 Qxd6 30. Rd1 Qc7 31. Qd2 Re7 32. Qd8+ Qxd8 33. Rxd8+ Kg7 34. Kf2 Bb1 35. Rd2 Be4 36. Rd8 Bb1 37. Rd2 Be4 38. Rd8 1/2-1/2

[Event "GER-ch 37th"]
[Site "Magdeburg"]
[Date "2019.05.26"]
[Round "1"]
[White "Huschenbeth, Niclas"]
[Black "Maetzkow, Maximilian Paul"]
[Result "1-0"]
[WhiteElo "2603"]
[BlackElo "2338"]
[PlyCount "41"]
[EventDate "2019.05.26"]
[EventType "swiss"]
[EventRounds "9"]
[EventCountry "GER"]
[SourceTitle "CBM 190 Extra"]
[Source "ChessBase"]
[SourceDate "2019.07.15"]
[SourceVersion "1"]
[SourceVersionDate "2019.07.15"]
[SourceQuality "1"]

1. e4 e6 2. d4 d5 3. Nc3 dxe4 4. Nxe4 Nd7 5. Nf3 Ngf6 6. Nxf6+ Nxf6 7. Be3 c5 8. dxc5 Qc7 9. Qd4 Nd7 10. 0-0-0 Qxc5 11. Qa4 Qb4 12. Bb5 Qxa4 13. Bxa4 a6 14. c4 Be7 15. Bb6 Bf6 16. c5 Ke7 17. Bc7 h5 18. Rd2 h4 19. Rhd1 Rh5 20. Kb1 Be5 21. Rxd7+ 1-0

[Event "Berlin Lichtenrade op 14th"]
[Site "Berlin"]
[Date "2018.11.03"]
[Round "8"]
[White "Spors, Carl Philip"]
[Black "Maetzkow, Maximilian Paul"]
[Result "0-1"]
[WhiteElo "1868"]
[BlackElo "2193"]
[PlyCount "94"]
[EventDate "2018.10.27"]
[EventType "swiss"]
[EventRounds "9"]
[EventCountry "GER"]
[SourceTitle "CBM 187 Extra"]
[Source "ChessBase"]
[SourceDate "2018.11.04"]
[SourceVersion "1"]
[SourceVersionDate "2018.11.04"]
[SourceQuality "1"]

1. e4 c5 2. Nf3 d6 3. d4 cxd4 4. Nxd4 Nf6 5. Nc3 g6 6. Be3 Bg7 7. f3 a6 8. Qd2 h5 9. Bc4 Nbd7 10. Bb3 b5 11. a4 bxa4 12. Bxa4 Bb7 13. Nc6 Qc8 14. Na5 0-0 15. Nxb7 Qxb7 16. 0-0 Rac8 17. Nd5 Nc5 18. c3 Nxd5 19. exd5 Nxa4 20. Rxa4 Rb8 21. Bg5 Rfc8 22. Re1 Qxb2 23. Rxe7 Qb1+ 24. Re1 Bxc3 25. Rxb1 Rxb1+ 26. Qc1 Rxc1+ 27. Bxc1 Bd4+ 28. Rxd4 Rxc1+ 29. Kf2 a5 30. Rd2 Kg7 31. Ke3 Rc5 32. Ke4 a4 33. Ra2 Ra5 34. h4 a3 35. Kd4 Ra4+ 36. Ke3 Kf6 37. f4 Kf5 38. g3 Kg4 39. Kf2 f6 40. Kg2 g5 41. hxg5 fxg5 42. fxg5 Kxg5 43. Kf3 Kf5 44. Ke3 Ke5 45. Kd3 Kxd5 46. Kc3 Ke4 47. Kb3 Ra6 0-1

[Event "Berlin Lichtenrade op 14th"]
[Site "Berlin"]
[Date "2018.11.01"]
[Round "6"]
[White "Starostits, Ilmars"]
[Black "Maetzkow, Maximilian Paul"]
[Result "1-0"]
[WhiteElo "2454"]
[BlackElo "2193"]
[PlyCount "103"]
[EventDate "2018.10.27"]
[EventType "swiss"]
[EventRounds "9"]
[EventCountry "GER"]
[SourceTitle "CBM 187 Extra"]
[Source "ChessBase"]
[SourceDate "2018.11.04"]
[SourceVersion "1"]
[SourceVersionDate "2018.11.04"]
[SourceQuality "1"]

1. e4 c5 2. Nc3 Nc6 3. Bb5 Nd4 4. Bc4 e6 5. Nf3 Ne7 6. 0-0 a6 7. a4 d5 8. Ba2 Nxf3+ 9. Qxf3 d4 10. Ne2 Nc6 11. d3 Be7 12. Bd2 0-0 13. Qh5 b5 14. f4 bxa4 15. Rf3 g6 16. Qh6 f5 17. exf5 Rxf5 18. Ng3 Rf6 19. Ne4 Rf7 20. f5 Ne5 21. fxe6 Nxf3+ 22. gxf3 Rf5 23. Ng5 Rxg5+ 24. Bxg5 Ra7 25. Bc4 Qf8 26. Qxf8+ Kxf8 27. Bh6+ Ke8 28. Rxa4 Bf6 29. Bf4 Ke7 30. Ra5 Bxe6 31. Rxc5 a5 32. b3 Bd7 33. Kf2 a4 34. bxa4 Bxa4 35. Bd5 Bd7 36. Ke2 g5 37. Bb8 Ra6 38. Be4 h5 39. Kd2 Ra2 40. f4 Rb2 41. fxg5 Bxg5+ 42. Rxg5 Rxb8 43. Rxh5 Rf8 44. Re5+ Be6 45. Bd5 Kd6 46. Rxe6+ Kxd5 47. Rh6 Rf2+ 48. Kc1 Kc5 49. Kb2 Rf1 50. Rh5+ Kb4 51. Rd5 Rf4 52. Rxd4+ 1-0

[Event "Berlin Lichtenrade op 14th"]
[Site "Berlin"]
[Date "2018.10.29"]
[Round "3"]
[White "Maetzkow, Maximilian Paul"]
[Black "Buttkus, Andree"]
[Result "1-0"]
[WhiteElo "2193"]
[BlackElo "1948"]
[PlyCount "53"]
[EventDate "2018.10.27"]
[EventType "swiss"]
[EventRounds "9"]
[EventCountry "GER"]
[SourceTitle "CBM 187 Extra"]
[Source "ChessBase"]
[SourceDate "2018.11.04"]
[SourceVersion "1"]
[SourceVersionDate "2018.11.04"]
[SourceQuality "1"]

1. e4 c5 2. Nf3 g6 3. d4 cxd4 4. Nxd4 Bg7 5. Nc3 Nc6 6. Be3 Nf6 7. Bc4 Qa5 8. 0-0 0-0 9. Bb3 d6 10. f3 Bd7 11. Qd2 Rfc8 12. Nxc6 bxc6 13. Rae1 Be8 14. Bh6 Bh8 15. Nd5 Qd8 16. Nxf6+ Bxf6 17. f4 Qb6+ 18. Kh1 Qd4 19. Qe2 Qxb2 20. e5 Bg7 21. Bxg7 Kxg7 22. exd6 exd6 23. f5 Qf6 24. fxg6 Qxg6 25. Rf3 Kh8 26. Rg3 Qf6 27. Qg4 1-0